MARC

LEADER 00000nam0a2200000 4500
001 256072
005 20231101233101.0
035 |a (RuTPU)RU\TPU\book\278713 
090 |a 256072 
100 |a 20140404d1987 k y0rusy50 ca 
101 0 |a rus 
102 |a RU 
105 |a a z 001zy 
200 1 |a Автоматизация сейсмических и электромагнитных исследований земной коры Восточной Сибири  |e сборник научных трудов  |f Сибирский научно-исследовательский институт геологии, геофизики и минерального сырья (СНИИГГиМС) ; под ред. В. С. Суркова 
210 |a Новосибирск  |c Изд-во СНИИГТиМС  |d 1987 
215 |a 142 с.  |c ил. 
320 |a Библиография в конце статей 
606 1 |a Земная кора  |x Геофизические исследования  |2 stltpush  |3 (RuTPU)RU\TPU\subj\11775  |9 38673 
610 1 |a сейсмические исследования 
610 1 |a электромагнитные исследования 
610 1 |a Восточная Сибирь 
610 1 |a разведочная геофизика 
610 1 |a методы 
610 1 |a автоматизация 
610 1 |a технические средства 
610 1 |a микропроцессорная техника 
610 1 |a кварцевые генераторы 
675 |a 551.1:550.3  |v 3 
702 1 |a Сурков  |b В. С.  |4 340 
712 0 2 |a Сибирский научно-исследовательский институт геологии, геофизики и минерального сырья (СНИИГГиМС)  |c (Новосибирск)  |2 stltpush  |3 (RuTPU)RU\TPU\col\322 
801 1 |a RU  |b 63413507  |c 20140404 
801 2 |a RU  |b 63413507  |c 20141028  |g RCR 
942 |c BK